[Event "CPV-ch"]
[Site "Mindelo"]
[Date "2021.11.21"]
[Round "9"]
[White "Moes Joaquim, Carlos"]
[Black "Teixeira, Gil Antonio Mendes"]
[Result "0-1"]
[WhiteElo "1403"]
[BlackElo "1674"]
[PlyCount "64"]
[EventDate "2021.11.15"]
[EventType "tourn"]
[EventRounds "9"]
[EventCountry "KAP"]
[SourceTitle "CBM 205 Extra"]
[Source "ChessBase"]
[SourceDate "2022.01.31"]
[SourceVersion "1"]
[SourceVersionDate "2022.01.31"]
[SourceQuality "1"]

1. d4 f5 2. c4 e6 3. a3 Be7 4. Nc3 Nf6 5. Bf4 d6 6. e3 0-0 7. Be2 c6 8. Nf3 a5 9. h3 b6 10. Nd2 Nbd7 11. Bh2 e5 12. dxe5 dxe5 13. Qc2 g6 14. Rd1 Bb7 15. Nf3 Qc7 16. Ng5 Qc8 17. 0-0 h6 18. Nf3 e4 19. Nd4 Nc5 20. Na4 Nxa4 21. Qxa4 c5 22. Qb3 cxd4 23. exd4 Kh7 24. Qxb6 Ra6 25. Qb3 Bd6 26. Bxd6 Rxd6 27. c5 Rd7 28. Qc3 f4 29. Bg4 Nxg4 30. hxg4 f3 31. Rd2 Re7 32. Rc1 Qxg4 0-1

[Event "CPV-ch"]
[Site "Mindelo"]
[Date "2021.11.20"]
[Round "7"]
[White "Moes Joaquim, Carlos"]
[Black "Rodriguez Guevara, Celia M"]
[Result "0-1"]
[WhiteElo "1403"]
[BlackElo "1849"]
[PlyCount "82"]
[EventDate "2021.11.15"]
[EventType "tourn"]
[EventRounds "9"]
[EventCountry "KAP"]
[SourceTitle "CBM 205 Extra"]
[Source "ChessBase"]
[SourceDate "2022.01.31"]
[SourceVersion "1"]
[SourceVersionDate "2022.01.31"]
[SourceQuality "1"]

1. d4 Nf6 2. c4 d5 3. Nc3 e6 4. Nf3 Be7 5. Bg5 h6 6. Bf4 0-0 7. h3 b6 8. e3 Bb7 9. a3 Nbd7 10. Be2 a5 11. 0-0 c5 12. Nb5 Ne4 13. Ne5 Ndf6 14. Rc1 Rc8 15. Na7 Ra8 16. Nac6 Qe8 17. Nxe7+ Qxe7 18. f3 Ng5 19. Qb3 cxd4 20. exd4 dxc4 21. Nxc4 Ba6 22. h4 Ngh7 23. Bd3 Bxc4 24. Bxc4 Qb7 25. Rfd1 Rfd8 26. Bd3 Nd5 27. Bd2 Nhf6 28. Be4 Rd7 29. Kf2 Rad8 30. Be3 Nxe4+ 31. fxe4 Nf6 32. e5 Ng4+ 33. Kg1 Qe4 34. Rd3 Nxe3 35. Rxe3 Qxd4 36. Rce1 Rd5 37. Qc3 Qxh4 38. Qc6 Rd1 39. Kf1 Qh1+ 40. Kf2 R8d2+ 41. Kf3 Qxg2+ 0-1

[Event "CPV-ch"]
[Site "Mindelo"]
[Date "2021.11.15"]
[Round "1"]
[White "Mirulla, David"]
[Black "Moes Joaquim, Carlos"]
[Result "1-0"]
[WhiteElo "1946"]
[BlackElo "1403"]
[PlyCount "135"]
[EventDate "2021.11.15"]
[EventType "tourn"]
[EventRounds "9"]
[EventCountry "KAP"]
[SourceTitle "CBM 205 Extra"]
[Source "ChessBase"]
[SourceDate "2022.01.31"]
[SourceVersion "1"]
[SourceVersionDate "2022.01.31"]
[SourceQuality "1"]

1. e4 c5 2. Nf3 e6 3. d3 Qc7 4. g3 Ne7 5. Bg2 Ng6 6. h4 Nc6 7. h5 Nge5 8. Nxe5 Nxe5 9. Nc3 a6 10. a4 b6 11. Bf4 d6 12. Be3 Bb7 13. f4 Nd7 14. Qe2 Nf6 15. g4 0-0-0 16. g5 Nd7 17. Qf2 Be7 18. h6 g6 19. 0-0 Rhf8 20. Rae1 Rde8 21. Qg3 f6 22. Qh3 Bd8 23. Bd2 Kb8 24. b3 fxg5 25. fxg5 Rxf1+ 26. Rxf1 Ne5 27. Qg3 Nf7 28. Bh3 Qe7 29. Rf6 Bc8 30. Rf2 Nxg5 31. Bg2 Nf7 32. Bf4 Bb7 33. e5 d5 34. Bxd5 Bxd5 35. Nxd5 Qb7 36. Nf6 Rh8 37. Ne4 Qe7 38. Nd6 Nxd6 39. exd6 Qh4 40. Qf3 Ka7 41. Bg3 Qg5 42. Rh2 Bf6 43. Qf4 Bd4+ 44. Kg2 Qd5+ 45. Qf3 Qf5 46. Qc6 Qd5+ 47. Qxd5 exd5 48. Rh1 Be3 49. Be5 Rf8 50. Rf1 Rxf1 51. Kxf1 Bxh6 52. Bf6 Bf4 53. d7 Bc7 54. d8Q Bxd8 55. Bxd8 Kb7 56. Bg5 Kc6 57. Ke2 b5 58. axb5+ axb5 59. Bh6 c4 60. d4 Kd7 61. Kf3 Ke6 62. Kf4 Kd6 63. b4 Ke6 64. Kg5 Ke7 65. Bg7 Kf7 66. Be5 Ke6 67. c3 h6+ 68. Kxg6 1-0

[Event "Figueira da Foz op 13th"]
[Site "Figueira da Foz"]
[Date "2019.11.02"]
[Round "8"]
[White "Rato, Eduardo"]
[Black "Moes Joaquim, Carlos"]
[Result "0-1"]
[WhiteElo "1693"]
[BlackElo "1400"]
[PlyCount "88"]
[EventDate "2019.10.27"]
[EventType "swiss"]
[EventRounds "9"]
[EventCountry "POR"]
[SourceTitle "CBM 192 Extra"]
[Source "Chessbase"]
[SourceDate "2019.11.06"]
[SourceVersion "1"]
[SourceVersionDate "2019.11.06"]
[SourceQuality "1"]

1. Nf3 Nf6 2. d4 d5 3. c4 e6 4. Nc3 c6 5. Bg5 Be7 6. e3 0-0 7. Bd3 h6 8. Bf4 Nbd7 9. a3 Re8 10. Rc1 Nf8 11. Ne5 Bd6 12. 0-0 dxc4 13. Bxc4 Nd5 14. Qf3 Nxf4 15. exf4 f6 16. Nd3 Kh8 17. Rfd1 Ng6 18. Ne4 Bc7 19. f5 Nh4 20. Qh5 Nxf5 21. Ndc5 Qe7 22. Ng3 Nxg3 23. hxg3 b6 24. Nd3 Bb7 25. Ne1 Rad8 26. Nf3 Qf8 27. Nh4 Qd6 28. Ng6+ Kg8 29. Nf4 Bc8 30. Qg6 Qe7 31. Qe4 Bxf4 32. gxf4 Rd6 33. Rc3 Bb7 34. Qe2 g6 35. Qg4 Kg7 36. Rg3 g5 37. f5 exf5 38. Qxf5 Bc8 39. Qf3 Qe4 40. Qh5 Qg6 41. Qf3 Bf5 42. Qb3 Bc2 43. Qb4 c5 44. dxc5 Rxd1+ 0-1

[Event "Figueira da Foz op 12th"]
[Site "Figueira da Foz"]
[Date "2018.11.03"]
[Round "8"]
[White "Moes Joaquim, Carlos"]
[Black "Ferreira, Cristina"]
[Result "1-0"]
[WhiteElo "1415"]
[BlackElo "1069"]
[PlyCount "66"]
[EventDate "2018.10.28"]
[EventType "swiss"]
[EventRounds "9"]
[EventCountry "POR"]
[SourceTitle "CBM 187 Extra"]
[Source "ChessBase"]
[SourceDate "2018.11.04"]
[SourceVersion "1"]
[SourceVersionDate "2018.11.04"]
[SourceQuality "1"]

1. d4 Nf6 2. c4 e5 3. d5 Bb4+ 4. Bd2 Bc5 5. e3 d6 6. Nc3 0-0 7. Bd3 Bg4 8. Nge2 Qd7 9. 0-0 Na6 10. Rc1 Rfe8 11. Bc2 Re7 12. Kh1 Rae8 13. Ba4 c6 14. a3 Nc7 15. f3 Bh5 16. b4 Bb6 17. Ng3 Bg6 18. Qe2 Nh5 19. Nxh5 Bxh5 20. Rfd1 Qf5 21. dxc6 Rb8 22. cxb7 Rxb7 23. g4 Qg5 24. Ne4 Qh6 25. gxh5 Re6 26. Ng3 Rb8 27. Rg1 Rd8 28. c5 d5 29. cxb6 Na6 30. b7 Ree8 31. Bxe8 Qe6 32. Bb5 Nb8 33. Qg2 Qe8 1-0

[Event "Figueira da Foz op 12th"]
[Site "Figueira da Foz"]
[Date "2018.11.02"]
[Round "7"]
[White "Dias, Jose Oliveira Gaspa"]
[Black "Moes Joaquim, Carlos"]
[Result "1-0"]
[WhiteElo "1605"]
[BlackElo "1415"]
[PlyCount "131"]
[EventDate "2018.10.28"]
[EventType "swiss"]
[EventRounds "9"]
[EventCountry "POR"]
[SourceTitle "CBM 187 Extra"]
[Source "ChessBase"]
[SourceDate "2018.11.04"]
[SourceVersion "1"]
[SourceVersionDate "2018.11.04"]
[SourceQuality "1"]

1. Nf3 d5 2. g3 Nf6 3. Bg2 Bg4 4. d3 e6 5. 0-0 Bd6 6. Nbd2 Nbd7 7. c4 c6 8. b3 0-0 9. Bb2 c5 10. Re1 Re8 11. e4 d4 12. h3 Bh5 13. Nf1 Ne5 14. N1h2 h6 15. Qd2 Nxf3+ 16. Nxf3 Bc7 17. a3 Rb8 18. b4 b6 19. g4 Bg6 20. Bc1 Qe7 21. b5 Rbd8 22. Kf1 Bb8 23. Ng1 e5 24. Ne2 h5 25. f3 Qd7 26. g5 Nh7 27. h4 Bd6 28. Ng1 Nf8 29. Bh3 Ne6 30. Qh2 Rf8 31. Ra2 Qe7 32. Ne2 f6 33. Bxe6+ Qxe6 34. gxf6 Qxf6 35. Ng1 Rd7 36. Rf2 Be8 37. Qh3 g6 38. Ke2 Rh7 39. Bg5 Qf7 40. Ref1 a6 41. a4 axb5 42. axb5 Bxb5 43. cxb5 Qa2+ 44. Bd2 Rhf7 45. Rc1 Kh7 46. Qg3 Ra7 47. Qg5 Rf4 48. Rg2 Qe6 49. Bxf4 exf4 50. Kf1 Be7 51. Qxf4 Ra5 52. Rb2 Bf6 53. Qg3 Qe7 54. Ne2 Bxh4 55. Qh3 Bg5 56. f4 Bh6 57. Rcb1 c4 58. f5 Ra3 59. fxg6+ Kg7 60. Nxd4 Qf6+ 61. Nf5+ Kxg6 62. Rg2+ Kh7 63. Qxh5 Rxd3 64. Qxh6+ Qxh6 65. Nxh6 Kxh6 66. Ke2 1-0

[Event "Figueira da Foz op 12th"]
[Site "Figueira da Foz"]
[Date "2018.11.01"]
[Round "5"]
[White "Moes Joaquim, Carlos"]
[Black "Marcal, Armando Paulo Gomes"]
[Result "0-1"]
[WhiteElo "1415"]
[BlackElo "1751"]
[PlyCount "70"]
[EventDate "2018.10.28"]
[EventType "swiss"]
[EventRounds "9"]
[EventCountry "POR"]
[SourceTitle "CBM 187 Extra"]
[Source "ChessBase"]
[SourceDate "2018.11.04"]
[SourceVersion "1"]
[SourceVersionDate "2018.11.04"]
[SourceQuality "1"]

1. d4 Nf6 2. c4 e6 3. Nc3 Bb4 4. Nf3 b6 5. e3 Bb7 6. Be2 0-0 7. 0-0 c6 8. Qc2 d5 9. a3 Bxc3 10. Qxc3 Nbd7 11. Rd1 Ne4 12. Qc2 Qf6 13. b4 Rfd8 14. Bb2 Qh6 15. Rac1 Ndf6 16. Ne5 Nxf2 17. Kxf2 Ne4+ 18. Ke1 Qh4+ 19. g3 Qxh2 20. Bf3 Qxg3+ 21. Ke2 Qh2+ 22. Kf1 Ng3+ 23. Ke1 Qg1+ 24. Kd2 Qf2+ 25. Kd3 dxc4+ 26. Kxc4 Qxe3 27. Rd3 Ba6+ 28. Kc3 Bxd3 29. Qxd3 Qf4 30. Rg1 Nf5 31. Bc1 Qh2 32. Rg2 Qh4 33. Bd2 a5 34. Rg4 axb4+ 35. Kxb4 Qe7+ 0-1

[Event "Figueira da Foz op 12th"]
[Site "Figueira da Foz"]
[Date "2018.10.31"]
[Round "4"]
[White "Correia, Pedro Mourao Soares"]
[Black "Moes Joaquim, Carlos"]
[Result "1-0"]
[WhiteElo "1518"]
[BlackElo "1415"]
[PlyCount "75"]
[EventDate "2018.10.28"]
[EventType "swiss"]
[EventRounds "9"]
[EventCountry "POR"]
[SourceTitle "CBM 187 Extra"]
[Source "ChessBase"]
[SourceDate "2018.11.04"]
[SourceVersion "1"]
[SourceVersionDate "2018.11.04"]
[SourceQuality "1"]

1. e4 c5 2. Nf3 Nc6 3. Bb5 Qc7 4. d4 cxd4 5. 0-0 e5 6. c3 Nf6 7. cxd4 Bd6 8. Nc3 0-0 9. Bg5 exd4 10. Bxf6 dxc3 11. Bxc3 a6 12. Bd3 b5 13. e5 Bxe5 14. Bxh7+ Kh8 15. Nxe5 Nxe5 16. Qh5 Re8 17. Be4+ Kg8 18. Bxa8 d6 19. Bd5 Bg4 20. Qg5 Qd7 21. a3 Kf8 22. f3 Bf5 23. Be4 Be6 24. Bxe5 dxe5 25. Qe3 Kg8 26. Rfd1 Qe7 27. Rd2 Qh4 28. Bd5 g6 29. Bxe6 Rxe6 30. Rad1 Re8 31. Qb6 Kg7 32. Rd8 Re6 33. Qb8 Qf4 34. Rg8+ Kf6 35. Qd8+ Re7 36. Re8 Qe3+ 37. Kf1 Qc5 38. Rd6+ 1-0

[Event "Figueira da Foz op 10th"]
[Site "Figueira da Foz"]
[Date "2016.10.31"]
[Round "2"]
[White "Moes Joaquim, Carlos"]
[Black "Felizes, Paulo Alberto"]
[Result "0-1"]
[WhiteElo "1419"]
[BlackElo "1900"]
[PlyCount "48"]
[EventDate "2016.10.30"]
[EventType "swiss"]
[EventRounds "9"]
[EventCountry "POR"]
[SourceTitle "CBM 175 Extra"]
[Source "ChessBase"]
[SourceDate "2016.12.12"]
[SourceVersion "1"]
[SourceVersionDate "2016.12.12"]
[SourceQuality "1"]

1. d4 Nf6 2. c4 c5 3. d5 b5 4. Qc2 bxc4 5. e4 d6 6. Bxc4 g6 7. Nf3 Bg7 8. Nc3 0-0 9. Qd3 Nbd7 10. a3 Rb8 11. 0-0 Ng4 12. h3 Nde5 13. Nxe5 Nxe5 14. Qe2 Qa5 15. Rd1 f5 16. Ba2 f4 17. Qc2 f3 18. Bg5 fxg2 19. Bxe7 Bxh3 20. Kh2 Rxf2 21. Ne2 Qc7 22. Bh4 Qd7 23. Bxf2 Nf3+ 24. Kg3 Qg4# 0-1

[Event "Boavista 2nd"]
[Site "Boavista"]
[Date "2016.06.30"]
[Round "6"]
[White "Spinola, Sidney Steffan Moni"]
[Black "Moes Joaquim, Carlos"]
[Result "1/2-1/2"]
[WhiteElo "1704"]
[BlackElo "1383"]
[PlyCount "49"]
[EventDate "2016.06.26"]
[EventType "tourn"]
[EventRounds "7"]
[EventCountry "POR"]
[SourceTitle "EXT 2017"]
[Source "ChessBase"]
[SourceDate "2016.10.25"]
[SourceVersion "1"]
[SourceVersionDate "2016.10.25"]
[SourceQuality "1"]

1. e4 c5 2. Nf3 Nc6 3. Bc4 e6 4. c3 a6 5. 0-0 b5 6. Bb3 Bb7 7. d4 cxd4 8. cxd4 Bd6 9. Bg5 Nge7 10. a3 h6 11. Bh4 g5 12. Bg3 Bxg3 13. hxg3 Ng6 14. Re1 Qb6 15. Nc3 g4 16. d5 Na5 17. dxe6 dxe6 18. Nh4 Nxh4 19. gxh4 g3 20. Re2 Rd8 21. Qc2 gxf2+ 22. Kf1 Rg8 23. Rd1 Rxd1+ 24. Nxd1 Rg4 25. Nxf2 1/2-1/2

[Event "Boavista"]
[Site "Boavista"]
[Date "2015.06.28"]
[Round "1"]
[White "Moes Joaquim, Carlos"]
[Black "Fernandes, Antonio ETG"]
[Result "0-1"]
[WhiteElo "1389"]
[BlackElo "2373"]
[PlyCount "72"]
[EventDate "2015.06.28"]
[EventType "tourn"]
[EventRounds "5"]
[EventCountry "POR"]
[SourceTitle "CBM 167 Extra"]
[Source "ChessBase"]
[SourceDate "2015.09.14"]
[SourceVersion "1"]
[SourceVersionDate "2015.09.14"]
[SourceQuality "1"]

1. d4 c5 2. d5 Nf6 3. c4 b5 4. b3 e6 5. Bg5 h6 6. Bxf6 Qxf6 7. Nd2 b4 8. Ngf3 g5 9. Ne4 Qg6 10. Qd3 f5 11. Ned2 Bg7 12. Rd1 Bc3 13. g4 Qf6 14. h3 a5 15. dxe6 dxe6 16. Qd6 Qe7 17. Qd3 Bb7 18. Bg2 Be4 19. Qe3 Bc2 20. Ne5 f4 21. Qf3 Ra6 22. Nd3 Bxd1 23. Kxd1 Nd7 24. Qb7 Rb6 25. Qa8+ Kf7 26. Qf3 Bxd2 27. Kxd2 Qf6 28. Rc1 Ne5 29. Nxe5+ Qxe5 30. Ke1 Rd8 31. e3 Qb2 32. Rd1 Rbd6 33. Rxd6 Rxd6 34. Qb7+ Kf6 35. Qb8 Qc1+ 36. Ke2 Qd1# 0-1